| Tag |
First Indicator |
Second Indicator |
Subfields |
| LEADER |
00000cam a2200000 a 4500 |
| 001 |
in00000970673 |
| 005 |
20150927114158.0 |
| 008 |
900330s1990 miua b 00110 eng |
| 010 |
|
|
|a 90033889
|
| 020 |
|
|
|a 0873712099
|
| 035 |
|
|
|a (OCoLC)21405719
|
| 035 |
|
|
|9 AEW8306AM
|
| 040 |
|
|
|a DLC
|c DLC
|d TXA
|d UtOrBLW
|
| 049 |
|
|
|a TXAM
|
| 050 |
0 |
0 |
|a TD1030
|b .M37 1990
|
| 082 |
0 |
0 |
|a 628.4/2
|2 20
|
| 100 |
1 |
|
|a Manahan, Stanley E.
|
| 245 |
1 |
0 |
|a Hazardous waste chemistry, toxicology, and treatment /
|c Stanley E. Manahan.
|
| 264 |
|
1 |
|a Chelsea, Mich. :
|b Lewis Publishers,
|c [1990]
|
| 264 |
|
4 |
|c ©1990
|
| 300 |
|
|
|a xiii, 378 pages :
|b illustrations ;
|c 25 cm.
|
| 336 |
|
|
|a text
|b txt
|2 rdacontent
|
| 337 |
|
|
|a unmediated
|b n
|2 rdamedia
|
| 338 |
|
|
|a volume
|b nc
|2 rdacarrier
|
| 504 |
|
|
|a Includes bibliographical references and index.
|
| 650 |
|
0 |
|a Hazardous wastes.
|
| 999 |
|
|
|a MARS
|
| 999 |
f |
f |
|s a71fdbf5-510e-3203-b7a3-b28b4298b77b
|i f676406d-4123-3410-9a5a-fa5237b9be38
|t 0
|
| 952 |
f |
f |
|p normal
|a Texas A&M University
|b College Station
|c Sterling C. Evans Library
|d Evans: Library Stacks
|t 0
|e TD1030 .M37 1990
|h Library of Congress classification
|i unmediated -- volume
|m A14818902514
|
| 998 |
f |
f |
|a TD1030 .M37 1990
|t 0
|l Evans: Library Stacks
|